| 000 | 00337nam a22001337a 4500 | ||
|---|---|---|---|
| 020 | _a0-13-322728-6 | ||
| 082 | _a620.106 ESP'F | ||
| 100 |
_aESPOSITO, ANTHONY _918460 |
||
| 245 | _aFLUID POWER WITH APPLICATIOSN | ||
| 260 |
_aNEWJERSCY _bPRENTICE HALL _c1988 |
||
| 300 | _a525P | ||
| 650 |
_aFLUID POWER TECHNOLOGY _955879 |
||
| 942 | _cBK | ||
| 999 |
_c574396 _d574396 |
||